| 000 | 01482nam a2200361 a 4500 | ||
|---|---|---|---|
| 001 | ebr10479807 | ||
| 003 | CaPaEBR | ||
| 006 | m u | ||
| 007 | cr cn||||||||| | ||
| 008 | 101102s2011 njua sb 001 0 eng d | ||
| 010 | _z 2010043493 | ||
| 020 | _z9789814340533 (hardcover : alk. paper) | ||
| 020 | _z9814340537 (hardcover : alk. paper) | ||
| 020 | _z9789814340540 (e-book) | ||
| 040 |
_aCaPaEBR _cCaPaEBR |
||
| 035 | _a(OCoLC)733048104 | ||
| 050 | 1 | 4 |
_aQH323.5 _b.B53 2011eb |
| 082 | 0 | 4 |
_a570.15/118 _222 |
| 100 | 1 | _aBianca, Concetta. | |
| 245 | 1 | 0 |
_aTowards a mathematical theory of complex biological systems _h[electronic resource] / _cC. Bianca, N. Bellomo. |
| 260 |
_aHackensack, N.J. : _bWorld Scientific, _c2011. |
||
| 300 |
_axvii, 208 p. : _bill. (some col.). |
||
| 490 | 1 |
_aSeries in mathematical biology and medicine ; _vv. 11 |
|
| 504 | _aIncludes bibliographical references and index. | ||
| 533 |
_aElectronic reproduction. _bPalo Alto, Calif. : _cebrary, _d2013. _nAvailable via World Wide Web. _nAccess may be limited to ebrary affiliated libraries. |
||
| 650 | 0 | _aBiomathematics. | |
| 650 | 0 |
_aBiological systems _xMathematical models. |
|
| 655 | 7 |
_aElectronic books. _2local |
|
| 700 | 1 | _aBellomo, N. | |
| 710 | 2 | _aebrary, Inc. | |
| 830 | 0 |
_aSeries in mathematical biology and medicine ; _vv. 11. |
|
| 856 | 4 | 0 |
_uhttp://site.ebrary.com/lib/rucke/Doc?id=10479807 _zAn electronic book accessible through the World Wide Web; click to view |
| 999 |
_c219783 _d219783 |
||